Countries Closest to Brazil - 15 Second Sprint - Statistics

General Stats
  • This quiz has been taken 35 times
  • The average score is 7 of 20
Answer Stats
km Country miles % Correct
0 Argentina 0
83%
713 Chile 443
83%
0 Uruguay 0
75%
0 Peru 0
67%
0 Bolivia 0
63%
0 Paraguay 0
63%
0 Colombia 0
54%
489 Ecuador 304
50%
0 Suriname 0
46%
0 Venezuela 0
46%
0 Guyana 0
42%
1067 Panama 663
13%
762 Grenada 474
4%
948 St Lucia 589
4%
1318 Antigua and Barbuda 819
0%
868 Barbados 540
0%
1117 Dominica 694
0%
1340 St Kitts and Nevis 833
0%
826 St Vincent and the Grenadines 513
0%
542 Trinidad and Tobago 337
0%
No matching quizzes found
Score Distribution
Percent of People with Each Score
Percentile by Number Answered
Your Score History
You have not taken this quiz